00757cam a22001937a 4500003000500000005001700005008004100022010001000063011001000073035001000083040000900093110010100102245014900203260009900352300001000451500001700461650004100478650004400519CHAP20220329134709.0971013s1958 r 00010 d a24355 a25327 a29427 cCHAP aComisión para el Aprovechamiento de los Recursos Naturales Renovables Ejidales. Toluca, Méx. 0aMemoria de los trabajos de conservación de suelos iniciados en el ejido de Santa María del Monte Municipio de Zinacantepec, Edo. de México aToluca, Méx. :bComisión para el Aprovechamiento de los Recursos Naturales Ejidales,c1958 a10 h. aMimeógrafo14aRecursos naturaleszMéxico (Edo.).14aSuelosxConservaciónxMéxico (Edo.)